[Event "Mecklenburg VP-ch U12"]
[Site "Malchow"]
[Date "2019.02.06"]
[Round "6.10"]
[White "Gerber, Tom Etienne"]
[Black "Bieschke, Tom"]
[Result "0-1"]
[WhiteElo "838"]
[BlackElo "969"]
[PlyCount "41"]
[EventDate "2019.02.02"]
[EventType "swiss"]
[EventRounds "7"]
[EventCountry "GER"]
[SourceTitle "EXT 2022"]
[Source "ChessBase"]
[SourceDate "2021.10.06"]
[SourceVersion "1"]
[SourceVersionDate "2021.10.06"]
[SourceQuality "1"]

1. c4 d6 2. Nc3 g6 3. e4 Bg7 4. Qc2 Nf6 5. d3 0-0 6. Bd2 Nbd7 7. 0-0-0 c5 8. Be2 a6 9. Qb3 b6 10. h3 Bb7 11. Bf3 a5 12. Bf4 Re8 13. e5 Bxf3 14. Nxf3 Nxe5 15. Bxe5 e6 16. Bxf6 Bxf6 17. Rhe1 Qc7 18. Kb1 Qc6 19. a4 Bxc3 20. bxc3 Rab8 21. Rd2 0-1

[Event "Mecklenburg VP-ch U12"]
[Site "Malchow"]
[Date "2019.02.06"]
[Round "7.8"]
[White "Kloepzig, Lars Arvid"]
[Black "Gerber, Tom Etienne"]
[Result "1-0"]
[WhiteElo "1304"]
[BlackElo "838"]
[PlyCount "65"]
[EventDate "2019.02.02"]
[EventType "swiss"]
[EventRounds "7"]
[EventCountry "GER"]
[SourceTitle "EXT 2022"]
[Source "ChessBase"]
[SourceDate "2021.10.06"]
[SourceVersion "1"]
[SourceVersionDate "2021.10.06"]
[SourceQuality "1"]

1. e4 e5 2. Nf3 Nc6 3. Bc4 Nh6 4. d4 f6 5. b3 a6 6. a4 g5 7. Bb2 Bg7 8. 0-0 Qe7 9. Nc3 f5 10. Nd5 Qd6 11. Ba3 Qg6 12. Nxc7+ Kd8 13. Nxa8 fxe4 14. Nd2 exd4 15. Re1 Re8 16. Bc5 d6 17. Bb6+ Kd7 18. f3 exf3 19. Qxf3 g4 20. Qf2 Rf8 21. Be6+ Ke7 22. Bf5+ Kf7 23. Bxg6+ Kxg6 24. Qe2 d3 25. Qxd3+ Kh5 26. Ne4 Bxa1 27. Ng3+ Kh4 28. Rxa1 Nb4 29. Qxd6 Nf5 30. Nxf5+ Rxf5 31. Qh6+ Rh5 32. g3+ Kh3 33. Qxh5# 1-0

[Event "Mecklenburg VP-ch U12"]
[Site "Malchow"]
[Date "2019.02.02"]
[Round "1.10"]
[White "Wiechhusen, Laurin Elias"]
[Black "Gerber, Tom Etienne"]
[Result "1-0"]
[WhiteElo "1168"]
[BlackElo "838"]
[PlyCount "95"]
[EventDate "2019.02.02"]
[EventType "swiss"]
[EventRounds "7"]
[EventCountry "GER"]
[SourceTitle "EXT 2022"]
[Source "ChessBase"]
[SourceDate "2021.10.06"]
[SourceVersion "1"]
[SourceVersionDate "2021.10.06"]
[SourceQuality "1"]

1. Nf3 Nc6 2. g3 e5 3. d3 f6 4. Bg2 g5 5. Be3 Bd6 6. 0-0 a6 7. d4 e4 8. Nfd2 f5 9. f4 exf3 10. Nxf3 g4 11. Nfd2 Be7 12. Rxf5 d6 13. Rf1 d5 14. Nc3 Be6 15. Bf4 Nxd4 16. Be5 Bf6 17. Rxf6 Nxf6 18. Bxd4 0-0 19. e3 b6 20. Be5 c6 21. Nb3 a5 22. Nd4 Qd7 23. Qd3 h6 24. Qg6+ Qg7 25. Qxg7+ Kxg7 26. Nxe6+ Kf7 27. Nxf8 Rxf8 28. Bxf6 Kxf6 29. Rf1+ Ke7 30. Rxf8 Kxf8 31. h3 b5 32. hxg4 b4 33. Nxd5 cxd5 34. Bxd5 a4 35. c3 bxc3 36. bxc3 a3 37. Kf2 Ke7 38. Kf3 Kd6 39. c4 Kc5 40. Kf4 h5 41. gxh5 Kd6 42. h6 Kc5 43. h7 Kd6 44. h8Q Kc5 45. Qf8+ Kb6 46. Qd6+ Ka5 47. Qb8 Ka4 48. Qb5# 1-0